Illustrated Sunday homilies year b / (Record no. 8612)
[ view plain ]
| 000 -LEADER | |
|---|---|
| fixed length control field | 00497nam a22001937a 4500 |
| 003 - CONTROL NUMBER IDENTIFIER | |
| control field | OSt |
| 005 - DATE AND TIME OF LATEST TRANSACTION | |
| control field | 20140310182033.0 |
| 008 - FIXED-LENGTH DATA ELEMENTS--GENERAL INFORMATION | |
| fixed length control field | 130814t xxu||||| |||| 00| 0 eng d |
| 020 ## - INTERNATIONAL STANDARD BOOK NUMBER | |
| International Standard Book Number | 8171091881 |
| 050 ## - LIBRARY OF CONGRESS CALL NUMBER | |
| Classification number | BM 730 |
| Item number | .L756c 1987 |
| 082 ## - DEWEY DECIMAL CLASSIFICATION NUMBER | |
| Classification number | HS 251 |
| Item number | L648 1987 |
| 100 ## - MAIN ENTRY--PERSONAL NAME | |
| Personal name | Link, Mark SJ |
| 9 (RLIN) | 10385 |
| 245 ## - TITLE STATEMENT | |
| Title | Illustrated Sunday homilies year b / |
| Statement of responsibility, etc | Mark Link, SJ. |
| 300 ## - PHYSICAL DESCRIPTION | |
| Extent | 254 p. ; |
| Dimensions | 22 cm. |
| 650 ## - SUBJECT ADDED ENTRY--TOPICAL TERM | |
| Topical term or geographic name as entry element | Preaching |
| 9 (RLIN) | 10386 |
| 650 ## - SUBJECT ADDED ENTRY--TOPICAL TERM | |
| Topical term or geographic name as entry element | Homilies |
| 9 (RLIN) | 10387 |
| 942 ## - ADDED ENTRY ELEMENTS (KOHA) | |
| Source of classification or shelving scheme | Library of Congress Classification |
| Withdrawn status | Lost status | Source of classification or shelving scheme | Damaged status | Home library | Current library | Shelving location | Date acquired | Total Checkouts | Full call number | Barcode | Date last seen | Copy number | Price effective from | Koha item type |
|---|---|---|---|---|---|---|---|---|---|---|---|---|---|---|
| Library of Congress Classification | Luxembourg Library | Luxembourg Library | High School Section | 08/14/2013 | BM 730 .L756b 1987 | 4935 | 08/14/2013 | 1 | 08/14/2013 | Books |